000 00629nam a22002291c 4500
001 a987678139
008 161118s1983 gw |||| 000u eng d
020 _a0198219229
_90-19-821922-9
041 _aeng
100 1 _aKershaw, Ian
245 0 0 _aPopular opinion and political dissent in the Third Reich, Bavaria 1933-1945 /
_cIan Kershaw
264 _aOxford :
_bClarendon Press,
_c1983
300 _axii, 425 p. ; 23 cm
500 _aIncludes index
650 0 _aNationalsozialismus
650 0 _aÖffentliche Meinung
651 0 _aBayern
651 0 _a
942 _cMG
040 _cRU-10907106
003 RU-10907106
999 _c40038
_d40038